| 000 | 02311nam0a2200397 4500 | ||
|---|---|---|---|
| 001 | RU\NLR\BIBL_A\016359933 | ||
| 005 | 20260407114333.0 | ||
| 010 |
_a5-7525-0560-7 _9300 |
||
| 021 |
_aRU _b97-20797 _9858 |
||
| 035 | _a(NLR Aleph) 016359933 | ||
| 090 |
_a13148082 _c13148082 |
||
| 100 | _a20230502d1997 |||y0rusy50 ca | ||
| 101 | 0 |
_arus _ager _achi _deng |
|
| 102 | _aRU | ||
| 105 | _aa z 110zy | ||
| 181 | 0 |
_ai3 _baxxe |
|
| 182 | 0 | _an | |
| 200 | 1 |
_aАктуальные проблемы русистики _eтезисы докладов и сообщений международной научной конференции, посвященной 70-летию профессора Э. В. Кузнецовой, 7-9 февраля 1997 г., Екатеринбург, Россия _fМинистерство общего и профессионального образования Российской Федерации, Уральский государственный университет им. А. М. Горького [и др.] |
|
| 203 |
_aТекст _bвизуальный _cнепосредственный |
||
| 210 |
_aЕкатеринбург _cИзд-во Уральского университета _d1997 |
||
| 215 |
_a278 с. _cтабл. _d20 |
||
| 300 | _aЧасть текста нем., кит. | ||
| 300 | _aРез. англ. | ||
| 320 | _aБиблиогр. в тексте | ||
| 606 | 1 |
_aРусский язык _jСъезды, совещания и т.п _91533567 _3RU\NLR\AUTH\66969347 |
|
| 606 | 1 |
_aРусский язык _jСъезды, совещания и т.п _xПреподавание нерусским _xВысшая школа _92157577 _3RU\NLR\AUTH\661298750 |
|
| 686 | 1 | _aШ141.12я434 | |
| 686 | 1 | _aЧ426.132я434 | |
| 702 | 1 |
_4280 _7ca _8rus _aКузнецова _bЭ. В. _cд-р филол. наук _f1927-1988 _gЭра Васильевна _9255600 _3RU\NLR\AUTH\770255656 |
|
| 712 | 0 | 2 |
_4475 _aУральский государственный университет им. А. М. Горького _cЕкатеринбург _9389617 _3RU\NLR\AUTH\889947001 |
| 852 |
_aNLR _j97-3/8504 |
||
| 942 | _cBOOK | ||
| 980 | _aNB | ||